Kurz technických prostriedkov počítačového systému SM 51/53 Stupava 24.-27.4. 1984

Guardado en:
Detalles Bibliográficos
Formato: Libro
Lenguaje:eslovaco
Publicado: Bratislava Dom techniky ČSVTS 1984
Etiquetas: Agregar Etiqueta
Sin Etiquetas, Sea el primero en etiquetar este registro!

MARC

LEADER 00000nam a2200000 4500
001 c117096
005 20041019155206.5
041 0 |a slo 
044 |a SK 
245 1 0 |a Kurz technických prostriedkov počítačového systému SM 51/53  |b Stupava 24.-27.4. 1984 
264 1 |a Bratislava  |b Dom techniky ČSVTS  |c 1984 
300 |a 107 s.